[Event "28. Torneo San Viator 2017"]
[Site "Madrid ESP"]
[Date "2017.04.02"]
[Round "2.22"]
[White "Linares Leyva, David"]
[Black "Tudela Garcia, Antonio"]
[Result "1-0"]
[WhiteElo "1810"]
[BlackElo "1602"]
[PlyCount "79"]
[EventDate "2017.03.26"]
[EventType "swiss"]
[EventRounds "9"]
[EventCountry "ESP"]
[SourceTitle "Ajedrez en Madrid"]
[Source "lmi"]
[SourceDate "2017.03.26"]
[SourceVersion "1"]
[SourceVersionDate "2017.04.10"]
[SourceQuality "1"]

1. Nf3 Nf6 2. c4 b6 3. g3 Bb7 4. Bg2 e5 5. O-O d6 6. Nc3 Nbd7 7. d4 exd4 8.
Qxd4 Nc5 9. e4 Ne6 10. Qd3 Be7 11. Re1 O-O 12. b3 Nc5 13. Qc2 Re8 14. Bb2 Ng4
15. Rad1 Qb8 16. Nd5 Bxd5 17. exd5 Nd7 18. Qf5 Ngf6 19. Re2 Bf8 20. Rde1 Rxe2
21. Rxe2 g6 22. Qg5 Bg7 23. Bh3 Qd8 24. Qd2 Qf8 25. Qe1 Nc5 26. Qa1 Nh5 27.
Bxg7 Nxg7 28. b4 Nb7 29. Bd7 Qd8 30. Bc6 Rb8 31. Qe1 Qf6 32. Kg2 h6 33. Re7 Nd8
34. Rxc7 Nxc6 35. dxc6 Re8 36. Qd2 Re7 37. Rb7 Rxb7 38. cxb7 Qd8 39. Qd5 Nf5
40. Ne5 1-0

[Event "28. Torneo San Viator 2017"]
[Site "Madrid ESP"]
[Date "2017.04.02"]
[Round "2.23"]
[White "Criado Jimenez, Jose"]
[Black "Cano Mercado, Francisco Manuel"]
[Result "0-1"]
[WhiteElo "1678"]
[BlackElo "1799"]
[PlyCount "82"]
[EventDate "2017.03.26"]
[EventType "swiss"]
[EventRounds "9"]
[EventCountry "ESP"]
[SourceTitle "Ajedrez en Madrid"]
[Source "lmi"]
[SourceDate "2017.03.26"]
[SourceVersion "1"]
[SourceVersionDate "2017.04.10"]
[SourceQuality "1"]

1. g3 Nf6 2. Bg2 g6 3. e4 d6 4. d3 Bg7 5. Nd2 c6 6. c3 Nbd7 7. Ngf3 Qc7 8. O-O
O-O 9. d4 e5 10. Re1 Rb8 11. b3 Re8 12. Ba3 b5 13. dxe5 dxe5 14. Nf1 c5 15. Rc1
Bb7 16. N3d2 Rbd8 17. Qe2 a6 18. c4 b4 19. Bb2 Bh6 20. Ne3 Bxe3 21. Qxe3 Nf8
22. f3 Ne6 23. h4 Nd4 24. Kf2 Bc8 25. Qg5 Kg7 26. Rh1 h6 27. Qe3 Nh5 28. Bh3
Bxh3 29. Rxh3 Kh7 30. Nf1 f5 31. exf5 gxf5 32. Rh2 e4 33. f4 Nf6 34. Kg2 Ng4
35. Qe1 Nf3 36. Qe2 Ngxh2 37. Rc2 Nxf1 38. Kxf1 Rd3 39. h5 Red8 40. Bc1 Rd1+
41. Kf2 Re1 0-1

[Event "28. Torneo San Viator 2017"]
[Site "Madrid ESP"]
[Date "2017.04.09"]
[Round "3.1"]
[White "Unciti Juan, Javier"]
[Black "Iturbide Arnedo, Oscar"]
[Result "1-0"]
[WhiteElo "1998"]
[BlackElo "2097"]
[PlyCount "77"]
[EventDate "2017.03.26"]
[EventType "swiss"]
[EventRounds "9"]
[EventCountry "ESP"]
[SourceTitle "Ajedrez en Madrid"]
[Source "lmi"]
[SourceDate "2017.03.26"]
[SourceVersion "1"]
[SourceVersionDate "2017.04.10"]
[SourceQuality "1"]

1. e4 c5 2. b4 cxb4 3. a3 e6 4. axb4 Bxb4 5. c3 Be7 6. d4 d5 7. e5 Nc6 8. Qg4
g6 9. Bd3 h5 10. Qf3 Nh6 11. Ne2 Nf5 12. Na3 a6 13. Nc2 Bd7 14. Nf4 Na5 15. Rb1
Qc7 16. O-O Nc4 17. Ne3 b5 18. Nxf5 gxf5 19. Nxh5 O-O-O 20. Ra1 Kb7 21. Bxc4
Qxc4 22. Ba3 Bg5 23. Bb4 Rc8 24. Ra3 Rc6 25. Re1 Rcc8 26. Bc5 Rxc5 27. dxc5 Be7
28. Rea1 Bxc5 29. Rxa6 Qh4 30. Ng3 Qxh2+ 31. Kf1 Rh4 32. R1a2 b4 33. Qd3 Rc4
34. R6a5 Bb6 35. Rxd5 exd5 36. Qxd5+ Bc6 37. Qxf7+ Kb8 38. Qxc4 Qxg2+ 39. Ke1
1-0

[Event "28. Torneo San Viator 2017"]
[Site "Madrid ESP"]
[Date "2017.04.09"]
[Round "3.2"]
[White "Correas Gonzalez, Jose Ramon"]
[Black "Cervino Rossel, Cristobal"]
[Result "1/2-1/2"]
[WhiteElo "2080"]
[BlackElo "2045"]
[PlyCount "112"]
[EventDate "2017.03.26"]
[EventType "swiss"]
[EventRounds "9"]
[EventCountry "ESP"]
[SourceTitle "Ajedrez en Madrid"]
[Source "lmi"]
[SourceDate "2017.03.26"]
[SourceVersion "1"]
[SourceVersionDate "2017.04.10"]
[SourceQuality "1"]

1. e4 e5 2. Nf3 Nc6 3. Bb5 Nge7 4. d4 exd4 5. c3 d3 6. Qxd3 g6 7. Bg5 Bg7 8.
Nbd2 h6 9. Bh4 O-O 10. O-O g5 11. Bg3 d6 12. h4 g4 13. Nd4 Bd7 14. Nxc6 Nxc6
15. Bxc6 Bxc6 16. Nb3 f5 17. exf5 Qd7 18. Nd4 Bxd4 19. Qxd4 Qxf5 20. Rfe1 Rae8
21. Rad1 Re4 22. Rxe4 Qxe4 23. Qxe4 Bxe4 24. Rd4 Re8 25. Bf4 h5 26. Be3 a6 27.
Kh2 Bc6 28. Rf4 Rf8 29. Rc4 Kg7 30. Kg3 Kg6 31. Bg5 Rf7 32. Rd4 Bd7 33. a4 Rf8
34. a5 Re8 35. c4 Bf5 36. b4 Re4 37. Rxe4 Bxe4 38. Bd8 c6 39. Bc7 Bd3 40. Bxd6
Bxc4 41. Kf4 Bf1 42. f3 Bxg2 43. fxg4 hxg4 44. Kxg4 Bf1 45. Bc5 Be2+ 46. Kf4
Kh5 47. Be7 Bb5 48. Ke5 Ba4 49. Kd6 Bb5 50. Kc5 Kg4 51. Kb6 Kh5 52. Kxb7 Kg4
53. Kb6 Kh5 54. Kc5 Kg4 55. Kd4 Kh5 56. Ke5 Ba4 1/2-1/2

[Event "28. Torneo San Viator 2017"]
[Site "Madrid ESP"]
[Date "2017.04.09"]
[Round "3.3"]
[White "Quispe Arteaga, Gabriel"]
[Black "Julian Serra, Rogelio"]
[Result "1-0"]
[WhiteElo "2309"]
[BlackElo "2002"]
[PlyCount "129"]
[EventDate "2017.03.26"]
[EventType "swiss"]
[EventRounds "9"]
[EventCountry "ESP"]
[SourceTitle "Ajedrez en Madrid"]
[Source "lmi"]
[SourceDate "2017.03.26"]
[SourceVersion "1"]
[SourceVersionDate "2017.04.10"]
[SourceQuality "1"]

1. d4 Nf6 2. Nf3 e6 3. g3 c5 4. Bg2 Nc6 5. O-O cxd4 6. Nxd4 Bc5 7. Nb3 Bb6 8.
Nc3 O-O 9. e4 d5 10. exd5 exd5 11. Bg5 Be6 12. Rb1 h6 13. Bxf6 Qxf6 14. Nxd5
Bxd5 15. Bxd5 Rad8 16. Qf3 Rd6 17. c4 Qxf3 18. Bxf3 Ne5 19. Be2 Rc8 20. Rfc1
Rdc6 21. Nd2 Rd8 22. Rc2 Nd3 23. Bxd3 Rxd3 24. b3 Re6 25. Kf1 f5 26. b4 f4 27.
c5 Bc7 28. Re1 Rf6 29. Ne4 Rf7 30. g4 f3 31. Rd2 Rxd2 32. Nxd2 Bxh2 33. Re8+
Kh7 34. Re3 Rd7 35. Nxf3 Bf4 36. Re4 g5 37. Rd4 Rf7 38. Ke2 Kg6 39. a4 Kf6 40.
Kd3 Ke6 41. Re4+ Kd7 42. Nd4 Bh2 43. f3 Bg1 44. Nf5 h5 45. Re1 hxg4 46. fxg4
Bh2 47. Kc4 Rh7 48. Rh1 Rh8 49. Rd1+ Kc7 50. b5 Re8 51. a5 Re4+ 52. Rd4 Re6 53.
b6+ axb6 54. cxb6+ Kc6 55. Rd5 Be5 56. Rc5+ Kd7 57. Kb5 Bb8 58. a6 bxa6+ 59.
Kxa6 Re5 60. Rc4 Re1 61. Nd4 Re4 62. Kb7 Be5 63. Nc6 Re1 64. Nxe5+ Rxe5 65.
Rd4+ 1-0

[Event "28. Torneo San Viator 2017"]
[Site "Madrid ESP"]
[Date "2017.04.09"]
[Round "3.4"]
[White "Recuenco Andres, Javier"]
[Black "Renteria, Jorge"]
[Result "0-1"]
[WhiteElo "1890"]
[BlackElo "2275"]
[PlyCount "92"]
[EventDate "2017.03.26"]
[EventType "swiss"]
[EventRounds "9"]
[EventCountry "ESP"]
[SourceTitle "Ajedrez en Madrid"]
[Source "lmi"]
[SourceDate "2017.03.26"]
[SourceVersion "1"]
[SourceVersionDate "2017.04.10"]
[SourceQuality "1"]

1. d4 Nf6 2. c4 g6 3. g3 Bg7 4. Bg2 O-O 5. Nf3 c5 6. O-O cxd4 7. Nxd4 Nc6 8.
Nc3 Qb6 9. Nc2 d6 10. e4 Bg4 11. Bf3 Bxf3 12. Qxf3 Ne5 13. Qe2 Rfc8 14. b3 Qc7
15. Bb2 a6 16. Ne3 e6 17. Rfd1 Qc6 18. Nc2 Ne8 19. Nd4 Qc7 20. Rac1 Qa5 21. f4
Qc5 22. Na4 Qa7 23. Kg2 Nd7 24. f5 exf5 25. Nxf5 gxf5 26. Bxg7 Kxg7 27. exf5 b5
28. Qg4+ Kh8 29. Nc3 Ndf6 30. Qg5 Qb7+ 31. Kh3 bxc4 32. Rxd6 Qe7 33. Rd2 cxb3
34. axb3 Qf8 35. Rd4 Qg7 36. Qe3 Rab8 37. b4 h6 38. Rcd1 Qg5 39. Qd3 Qh5+ 40.
Kg2 Ng4 41. h3 Ne5 42. Qe3 f6 43. Ne4 Rc2+ 44. Nd2 Qxd1 45. Qxh6+ Kg8 46. h4
Qf3+ 0-1

[Event "28. Torneo San Viator 2017"]
[Site "Madrid ESP"]
[Date "2017.04.09"]
[Round "3.5"]
[White "Rottenwohrer Suarez, Juan"]
[Black "Gonzalez-Ruano Perez, Cesar"]
[Result "1-0"]
[WhiteElo "2129"]
[BlackElo "1882"]
[PlyCount "73"]
[EventDate "2017.03.26"]
[EventType "swiss"]
[EventRounds "9"]
[EventCountry "ESP"]
[SourceTitle "Ajedrez en Madrid"]
[Source "lmi"]
[SourceDate "2017.03.26"]
[SourceVersion "1"]
[SourceVersionDate "2017.04.10"]
[SourceQuality "1"]

1. c4 Nf6 2. g3 e5 3. Bg2 Bc5 4. Nc3 O-O 5. e3 Nc6 6. Nge2 d5 7. Nxd5 Nxd5 8.
cxd5 Nb4 9. O-O Nxd5 10. Qc2 Bb6 11. a3 Bg4 12. Re1 Qd7 13. b3 Rae8 14. Bb2 c6
15. Rac1 Bxe2 16. Rxe2 f5 17. Bh3 Qf7 18. Qc4 Qh5 19. Bg2 Kh8 20. Rce1 f4 21.
exf4 exf4 22. Bxd5 fxg3 23. Bxg7+ Kxg7 24. Qc3+ Re5 25. hxg3 Rxf2 26. Qxe5+
Qxe5 27. Rxe5 Rxd2+ 28. Kh1 cxd5 29. Re7+ Kf6 30. Rxh7 Rd3 31. Kg2 Rxb3 32.
Rf1+ Kg6 33. Rh4 Rxa3 34. Rg4+ Kh5 35. Rg8 Ra2+ 36. Kf3 Ra3+ 37. Kf4 1-0

[Event "28. Torneo San Viator 2017"]
[Site "Madrid ESP"]
[Date "2017.04.09"]
[Round "3.7"]
[White "Camarero Izquierdo, Juan Carlo"]
[Black "Pascual Delgado, Guillermo"]
[Result "0-1"]
[WhiteElo "1775"]
[BlackElo "1915"]
[PlyCount "76"]
[EventDate "2017.03.26"]
[EventType "swiss"]
[EventRounds "9"]
[EventCountry "ESP"]
[SourceTitle "Ajedrez en Madrid"]
[Source "lmi"]
[SourceDate "2017.03.26"]
[SourceVersion "1"]
[SourceVersionDate "2017.04.10"]
[SourceQuality "1"]

1. d4 d5 2. Nc3 Nf6 3. Bg5 Nbd7 4. f3 c6 5. Qd3 e5 6. e3 Bd6 7. Nge2 b5 8. Bxf6
Nxf6 9. dxe5 Bxe5 10. Nd4 Qc7 11. f4 Bd6 12. Nf5 Bxf5 13. Qxf5 Bb4 14. Bd3 O-O
15. O-O Bxc3 16. bxc3 Rfe8 17. Rf3 Ne4 18. Bxe4 Rxe4 19. Rh3 h6 20. Qg4 Qd6 21.
Rf1 Rae8 22. Rg3 Qf6 23. Qh3 Qxc3 24. f5 Qf6 25. Rgf3 Ra4 26. g4 Ree4 27. Rf4
Rxf4 28. exf4 Rxa2 29. Qe3 Rxc2 30. g5 Qxf5 31. Rf3 Qg4+ 32. Kf1 Qg2+ 33. Ke1
Qh1+ 34. Rf1 Qe4 35. Qxe4 dxe4 36. f5 Rc1+ 37. Ke2 Rxf1 38. Kxf1 b4 0-1

[Event "28. Torneo San Viator 2017"]
[Site "Madrid ESP"]
[Date "2017.04.09"]
[Round "3.8"]
[White "Padin Lazaro, Jose Manuel"]
[Black "Marret, Constantin Pierre"]
[Result "1-0"]
[WhiteElo "1914"]
[BlackElo "1602"]
[PlyCount "91"]
[EventDate "2017.03.26"]
[EventType "swiss"]
[EventRounds "9"]
[EventCountry "ESP"]
[SourceTitle "Ajedrez en Madrid"]
[Source "lmi"]
[SourceDate "2017.03.26"]
[SourceVersion "1"]
[SourceVersionDate "2017.04.10"]
[SourceQuality "1"]

1. e4 e6 2. d4 d5 3. Nc3 Nf6 4. Bg5 Bb4 5. e5 h6 6. Be3 Ne4 7. Qg4 Kf8 8. a3
Bxc3+ 9. bxc3 c5 10. Bd3 Nxc3 11. dxc5 Nc6 12. Nf3 Qa5 13. O-O Qa4 14. Qxa4
Nxa4 15. Rab1 g6 16. Rb3 a6 17. c3 Kg7 18. Bc2 Na5 19. Rb4 Nxc3 20. Bd2 Nb5 21.
Ra4 Nc4 22. Bd3 Nxd2 23. Nxd2 Bd7 24. Rb4 Bc6 25. Nf3 a5 26. Rxb5 Bxb5 27. Bxb5
Rhc8 28. Rc1 a4 29. Nd4 Ra5 30. Kf1 g5 31. Ke2 Kf8 32. Kd2 Ke7 33. c6 Rxb5 34.
Nxb5 bxc6 35. Na7 Rc7 36. Nxc6+ Kd7 37. Nb8+ Kc8 38. Rxc7+ Kxc7 39. Na6+ Kb6
40. Nb4 Kc5 41. Kd3 h5 42. f3 d4 43. g3 h4 44. gxh4 gxh4 45. f4 h3 46. Nc2 1-0

[Event "28. Torneo San Viator 2017"]
[Site "Madrid ESP"]
[Date "2017.04.09"]
[Round "3.9"]
[White "Martin Sanchez, Francisco"]
[Black "Martin Diaz, Juan"]
[Result "1-0"]
[WhiteElo "1994"]
[BlackElo "1724"]
[PlyCount "57"]
[EventDate "2017.03.26"]
[EventType "swiss"]
[EventRounds "9"]
[EventCountry "ESP"]
[SourceTitle "Ajedrez en Madrid"]
[Source "lmi"]
[SourceDate "2017.03.26"]
[SourceVersion "1"]
[SourceVersionDate "2017.04.10"]
[SourceQuality "1"]

1. d4 d5 2. Bf4 Nf6 3. e3 c5 4. c3 Nc6 5. Nd2 Qb6 6. Qb3 c4 7. Qc2 g6 8. f3 Bg7
9. e4 e6 10. e5 Nd7 11. Bg3 O-O 12. f4 f6 13. Ngf3 Ne7 14. b3 cxb3 15. axb3 Nf5
16. Bf2 Qc7 17. Bd3 fxe5 18. fxe5 b6 19. O-O a5 20. g4 Ne7 21. Bh4 Nc6 22. Ng5
Ndxe5 23. Rxf8+ Bxf8 24. dxe5 Qxe5 25. Ndf3 Qf4 26. Bxg6 Ra7 27. Bxh7+ Kh8 28.
Bg3 Qxg4 29. Qg6 1-0

[Event "28. Torneo San Viator 2017"]
[Site "Madrid ESP"]
[Date "2017.04.09"]
[Round "3.10"]
[White "Cano Mercado, Francisco Manuel"]
[Black "Mazo Fernandez, Roberto"]
[Result "0-1"]
[WhiteElo "1799"]
[BlackElo "1982"]
[PlyCount "86"]
[EventDate "2017.03.26"]
[EventType "swiss"]
[EventRounds "9"]
[EventCountry "ESP"]
[SourceTitle "Ajedrez en Madrid"]
[Source "lmi"]
[SourceDate "2017.03.26"]
[SourceVersion "1"]
[SourceVersionDate "2017.04.10"]
[SourceQuality "1"]

1. d4 Nf6 2. Bf4 e6 3. e3 c5 4. c3 Nc6 5. Nd2 d5 6. Ngf3 Be7 7. h3 O-O 8. Be2
b6 9. O-O Bb7 10. Ne5 Nxe5 11. Bxe5 Qc8 12. Rc1 Nd7 13. Bh2 c4 14. e4 b5 15. e5
b4 16. f4 bxc3 17. bxc3 f5 18. g4 Bc6 19. gxf5 exf5 20. Nf3 Qa6 21. Qd2 Rab8
22. Rb1 Rb6 23. Ng5 Rfb8 24. Rxb6 Qxb6 25. Bf3 h6 26. e6 Nf6 27. Nf7 Qb2 28.
Qe3 Ne4 29. Bxe4 dxe4 30. Ne5 Bd5 31. Ng6 Rb7 32. Rf2 Qb1+ 33. Kg2 Bxe6 34.
Nxe7+ Rxe7 35. d5 Bxd5 36. Qc5 Qb7 37. Kg3 Rc7 38. Qd6 Qc6 39. Qd8+ Kh7 40. Re2
Rd7 41. Qf8 Qg6+ 42. Kf2 Qh5 43. Re3 Bf7 0-1

[Event "28. Torneo San Viator 2017"]
[Site "Madrid ESP"]
[Date "2017.04.09"]
[Round "3.11"]
[White "Rodriguez Bittar, Karim Javier"]
[Black "Cujba, Anca-Claudia"]
[Result "1-0"]
[WhiteElo "1967"]
[BlackElo "1760"]
[PlyCount "41"]
[EventDate "2017.03.26"]
[EventType "swiss"]
[EventRounds "9"]
[EventCountry "ESP"]
[SourceTitle "Ajedrez en Madrid"]
[Source "lmi"]
[SourceDate "2017.03.26"]
[SourceVersion "1"]
[SourceVersionDate "2017.04.10"]
[SourceQuality "1"]

1. e4 d5 2. exd5 Nf6 3. Nf3 Nxd5 4. Be2 g6 5. d4 Bg7 6. c4 Nb6 7. Nc3 Nc6 8. d5
Na5 9. c5 Bxc3+ 10. bxc3 Nxd5 11. Qd4 f6 12. Bh6 Bf5 13. g4 Nc6 14. Bb5 e5 15.
Nxe5 fxe5 16. Qxe5+ Kf7 17. Qg7+ Ke6 18. gxf5+ gxf5 19. O-O-O Qf6 20. Rhe1+ Ne5
21. Qd7# 1-0

[Event "28. Torneo San Viator 2017"]
[Site "Madrid ESP"]
[Date "2017.04.09"]
[Round "3.12"]
[White "Martin Lozano, Miguel Angel"]
[Black "Castro Morell, Daniel Eduardo"]
[Result "0-1"]
[WhiteElo "1759"]
[BlackElo "1885"]
[PlyCount "82"]
[EventDate "2017.03.26"]
[EventType "swiss"]
[EventRounds "9"]
[EventCountry "ESP"]
[SourceTitle "Ajedrez en Madrid"]
[Source "lmi"]
[SourceDate "2017.03.26"]
[SourceVersion "1"]
[SourceVersionDate "2017.04.10"]
[SourceQuality "1"]

1. d4 d5 2. Bf4 Nf6 3. e3 Bf5 4. Nd2 e6 5. Ngf3 Nbd7 6. Be2 Be7 7. Nh4 Be4 8.
Nhf3 h6 9. Nxe4 Nxe4 10. Nd2 Ndf6 11. Bd3 O-O 12. O-O c5 13. c3 Qb6 14. Rb1 Bd6
15. Bxe4 Bxf4 16. Bc2 Bc7 17. f4 Rac8 18. g4 Qd6 19. Rf2 cxd4 20. cxd4 Ba5 21.
g5 hxg5 22. fxg5 Bxd2 23. Rxd2 Ne4 24. Bxe4 dxe4 25. Qg4 Qd5 26. a3 g6 27. Rf2
Rc7 28. Qf4 Rfc8 29. Rbf1 Qd8 30. Rg2 Qd5 31. Rg4 Qf5 32. Qg3 Rc1 33. Rgf4
Rxf1+ 34. Rxf1 Qd5 35. h4 Rc7 36. Qf4 e5 37. dxe5 Qe6 38. b4 a6 39. Rf2 Rc1+
40. Kg2 Rc4 41. Rd2 Rc8 0-1

[Event "28. Torneo San Viator 2017"]
[Site "Madrid ESP"]
[Date "2017.04.09"]
[Round "3.13"]
[White "Lopez Guitian, Juan J"]
[Black "Linares Leyva, David"]
[Result "0-1"]
[WhiteElo "1589"]
[BlackElo "1810"]
[PlyCount "134"]
[EventDate "2017.03.26"]
[EventType "swiss"]
[EventRounds "9"]
[EventCountry "ESP"]
[SourceTitle "Ajedrez en Madrid"]
[Source "lmi"]
[SourceDate "2017.03.26"]
[SourceVersion "1"]
[SourceVersionDate "2017.04.10"]
[SourceQuality "1"]

1. Nf3 Nf6 2. c4 c5 3. Nc3 e6 4. e4 d6 5. Bd3 Nc6 6. a3 Be7 7. Bc2 a6 8. O-O
O-O 9. h3 Nd4 10. Nxd4 cxd4 11. Ne2 e5 12. d3 Ne8 13. f4 f5 14. fxe5 dxe5 15.
exf5 Rxf5 16. Ng3 Rxf1+ 17. Qxf1 Be6 18. Bd2 Bg5 19. Ne4 Bxd2 20. Nxd2 Nd6 21.
Re1 Nf5 22. Bb1 Ne3 23. Qf3 Qe7 24. Nf1 Rf8 25. Qg3 Rxf1+ 26. Rxf1 Nxf1 27.
Kxf1 Qf6+ 28. Ke2 Bd7 29. Ba2 Be6 30. Bb1 Kf7 31. Bc2 Ke7 32. Qf3 Qxf3+ 33.
Kxf3 Bf5 34. g4 Bg6 35. b4 b6 36. a4 a5 37. bxa5 bxa5 38. h4 h6 39. h5 Bh7 40.
Kg3 Kd6 41. Kf3 Kc5 42. Ke2 Kb4 43. Kd2 Bg8 44. Bd1 Be6 45. Kc2 Kxa4 46. Kb2+
Kb4 47. Be2 Bd7 48. Bf3 Ba4 49. Bd5 Bd1 50. Be6 Be2 51. Bf5 a4 52. Ka2 Bd1 53.
Kb2 Bb3 54. Be4 a3+ 55. Ka1 Ba4 56. Bf5 Bc6 57. Ka2 Be8 58. Be4 Bd7 59. Bf3 Kc3
60. Be4 Bxg4 61. c5 Kb4 62. c6 Bc8 63. Bg6 Be6+ 64. Ka1 Kc5 65. Be8 Kd6 66. Kb1
Kc7 67. Ka1 Bd5 0-1

[Event "28. Torneo San Viator 2017"]
[Site "Madrid ESP"]
[Date "2017.04.09"]
[Round "3.14"]
[White "Martinez Rubio, Felipe"]
[Black "Del Noval Nemeshazi, Nesztor"]
[Result "0-1"]
[WhiteElo "1711"]
[BlackElo "1862"]
[PlyCount "88"]
[EventDate "2017.03.26"]
[EventType "swiss"]
[EventRounds "9"]
[EventCountry "ESP"]
[SourceTitle "Ajedrez en Madrid"]
[Source "lmi"]
[SourceDate "2017.03.26"]
[SourceVersion "1"]
[SourceVersionDate "2017.04.10"]
[SourceQuality "1"]

1. d4 Nf6 2. c4 g6 3. Nc3 d5 4. h4 Bg7 5. h5 Nxh5 6. cxd5 c6 7. dxc6 Qxd4 8.
Qxd4 Bxd4 9. Na4 Bb6 10. cxb7 Bxb7 11. Bd2 a6 12. Nc3 Nf6 13. Na4 Ba7 14. Rc1
Ne4 15. e3 Nc6 16. Bc3 O-O 17. Nf3 Rac8 18. Nd2 Nxc3 19. Nxc3 Ne5 20. Rh4 Rfd8
21. Rb4 Bxg2 22. Bxa6 Rc6 23. Be2 Rcd6 24. Nde4 R6d7 25. Rc2 f5 26. Rb5 Bb8 27.
Nc5 Ra7 28. f3 Bxf3 29. Bxf3 Nxf3+ 30. Ke2 Ne5 31. Ne6 Rc8 32. a3 Bd6 33. Rb3
h5 34. Nf4 h4 35. Rc1 g5 36. Rg1 g4 37. Rb5 Nf3 38. Rh1 Bxf4 39. exf4 e6 40.
Rb6 Kf7 41. Kf2 Rd7 42. Ke3 h3 43. Rxh3 gxh3 44. Kxf3 Rg8 0-1

[Event "28. Torneo San Viator 2017"]
[Site "Madrid ESP"]
[Date "2017.04.09"]
[Round "3.15"]
[White "Lobato Rivero, Carlos"]
[Black "Montoya Gandia, Manuel"]
[Result "1-0"]
[WhiteElo "1969"]
[BlackElo "1679"]
[PlyCount "49"]
[EventDate "2017.03.26"]
[EventType "swiss"]
[EventRounds "9"]
[EventCountry "ESP"]
[SourceTitle "Ajedrez en Madrid"]
[Source "lmi"]
[SourceDate "2017.03.26"]
[SourceVersion "1"]
[SourceVersionDate "2017.04.10"]
[SourceQuality "1"]

1. e4 c5 2. c3 Nf6 3. d3 Nc6 4. f4 d6 5. Nf3 g6 6. Be2 Bg7 7. O-O c4 8. Nbd2
cxd3 9. Bxd3 e5 10. Nc4 Qc7 11. Bc2 Ke7 12. fxe5 dxe5 13. Bg5 Be6 14. Ne3 Rhd8
15. Qe2 h6 16. Bh4 Qb6 17. Kh1 Rd7 18. Nd5+ Bxd5 19. exd5 Rxd5 20. Bb3 Rb5 21.
Bf2 Qa5 22. Bc4 Rb6 23. b4 Qa3 24. Nxe5 Nxe5 25. Qxe5+ 1-0

[Event "28. Torneo San Viator 2017"]
[Site "Madrid ESP"]
[Date "2017.04.09"]
[Round "3.16"]
[White "Iriarte Diez, Enrique"]
[Black "Lizon Martinez, Santiago"]
[Result "1/2-1/2"]
[WhiteElo "1592"]
[BlackElo "1750"]
[PlyCount "79"]
[EventDate "2017.03.26"]
[EventType "swiss"]
[EventRounds "9"]
[EventCountry "ESP"]
[SourceTitle "Ajedrez en Madrid"]
[Source "lmi"]
[SourceDate "2017.03.26"]
[SourceVersion "1"]
[SourceVersionDate "2017.04.10"]
[SourceQuality "1"]

1. d4 Nf6 2. Bg5 e6 3. e4 Be7 4. e5 Nd5 5. Bxe7 Qxe7 6. c3 d6 7. c4 Nb6 8. Nf3
Nc6 9. exd6 cxd6 10. Bd3 Qf6 11. Be2 O-O 12. Nc3 d5 13. c5 Nd7 14. Bb5 a6 15.
Ba4 Rb8 16. O-O b5 17. cxb6 Rxb6 18. Rc1 Bb7 19. a3 Rxb2 20. Qd3 Ndb8 21. Bc2
g6 22. Na4 Rb5 23. Rb1 e5 24. Rxb5 axb5 25. dxe5 Nxe5 26. Nxe5 Qxe5 27. Nc5 Bc6
28. Rb1 Nd7 29. Nb3 Nf6 30. Nd4 Bd7 31. Nf3 Qd6 32. Qd4 Ra8 33. Ne5 Rxa3 34.
Nxd7 Nxd7 35. Be4 Ra4 36. Qxd5 Qxd5 37. Bxd5 Nf6 38. Bc6 Ra6 39. Bxb5 Rb6 40.
Bd3 1/2-1/2

[Event "28. Torneo San Viator 2017"]
[Site "Madrid ESP"]
[Date "2017.04.09"]
[Round "3.17"]
[White "Barahona Torrijos, Angel"]
[Black "Sotoca Aguado, Jose"]
[Result "0-1"]
[WhiteElo "1880"]
[BlackElo "1860"]
[PlyCount "110"]
[EventDate "2017.03.26"]
[EventType "swiss"]
[EventRounds "9"]
[EventCountry "ESP"]
[SourceTitle "Ajedrez en Madrid"]
[Source "lmi"]
[SourceDate "2017.03.26"]
[SourceVersion "1"]
[SourceVersionDate "2017.04.10"]
[SourceQuality "1"]

1. e4 Nf6 2. Nc3 d6 3. d4 g6 4. Bg5 Bg7 5. Qd2 O-O 6. Nf3 c6 7. Bc4 b5 8. Bd3
b4 9. Ne2 a5 10. e5 Nd5 11. c4 bxc3 12. bxc3 Qc7 13. exd6 Qxd6 14. Bh6 Bg4 15.
Bxg7 Kxg7 16. Ne5 Bxe2 17. Bxe2 f6 18. Ng4 Nd7 19. Bf3 N7b6 20. Ne3 Nxe3 21.
Qxe3 Nd5 22. Qd2 Rab8 23. O-O a4 24. c4 Nc7 25. Rad1 Rfd8 26. c5 Qd7 27. Qa5
Nd5 28. Bxd5 Qxd5 29. Qxa4 Ra8 30. Qb3 Rxa2 31. Qxd5 Rxd5 32. Rfe1 Kf7 33. Re3
Rxd4 34. Rde1 e5 35. Rb3 Rdd2 36. Rf1 Rac2 37. Rb7+ Ke6 38. Rxh7 Rxc5 39. h4
Rcc2 40. Rg7 Rd4 41. Rxg6 Rxh4 42. Ra1 Rd4 43. f3 Rdd2 44. Ra8 Rd1+ 45. Kh2 Kf5
46. Rag8 Rd6 47. Kh3 c5 48. g4+ Kf4 49. g5 Kf5 50. Rh6 Rc3 51. g6 Rxf3+ 52. Kg2
Rc3 53. Kf2 Rd2+ 54. Ke1 Rg2 55. Rh5+ Kg4 0-1

[Event "28. Torneo San Viator 2017"]
[Site "Madrid ESP"]
[Date "2017.04.09"]
[Round "3.18"]
[White "Brana Pastor, Carlos"]
[Black "Enfedaque Jimenez, Juan Carlos"]
[Result "0-1"]
[WhiteElo "1835"]
[BlackElo "1764"]
[PlyCount "93"]
[EventDate "2017.03.26"]
[EventType "swiss"]
[EventRounds "9"]
[EventCountry "ESP"]
[SourceTitle "Ajedrez en Madrid"]
[Source "lmi"]
[SourceDate "2017.03.26"]
[SourceVersion "1"]
[SourceVersionDate "2017.04.10"]
[SourceQuality "1"]

1. c4 e5 2. g3 Nf6 3. Bg2 Nc6 4. Nc3 Bc5 5. a3 a5 6. Nf3 d6 7. O-O Be6 8. d3 h6
9. e3 Bb6 10. Rb1 O-O 11. b4 axb4 12. axb4 Nd7 13. Nd5 Ba7 14. d4 Bg4 15. b5
Nxd4 16. exd4 e4 17. Be3 c6 18. Nc3 f5 19. h3 exf3 20. hxg4 fxg2 21. Kxg2 fxg4
22. Qxg4 Nf6 23. Qg6 Qe8 24. Qxe8 Rfxe8 25. b6 Bb8 26. d5 c5 27. Ra1 Rxa1 28.
Rxa1 Ng4 29. Kf3 Ne5+ 30. Ke2 Nxc4 31. Rb1 Kf7 32. Kd3 Ne5+ 33. Kc2 Kf6 34. Bf4
Nc4 35. Kd3 Ne5+ 36. Kc2 g5 37. Bd2 Nf3 38. Be3 h5 39. Nb5 h4 40. gxh4 gxh4 41.
Bf4 Re2+ 42. Kd3 Re7 43. Bxd6 Bxd6 44. Nxd6 Ke5 45. Nc4+ Kxd5 46. Na5 h3 47.
Rh1 0-1

[Event "28. Torneo San Viator 2017"]
[Site "Madrid ESP"]
[Date "2017.04.09"]
[Round "3.19"]
[White "Estevez Sacristan, Deva"]
[Black "Criado Jimenez, Jose"]
[Result "0-1"]
[WhiteElo "1813"]
[BlackElo "1678"]
[PlyCount "64"]
[EventDate "2017.03.26"]
[EventType "swiss"]
[EventRounds "9"]
[EventCountry "ESP"]
[SourceTitle "Ajedrez en Madrid"]
[Source "lmi"]
[SourceDate "2017.03.26"]
[SourceVersion "1"]
[SourceVersionDate "2017.04.10"]
[SourceQuality "1"]

1. e4 e6 2. d4 d5 3. exd5 exd5 4. c4 c6 5. Nf3 Bd6 6. Bd3 Ne7 7. O-O Bg4 8. Nc3
dxc4 9. Bxc4 O-O 10. Ne4 Bc7 11. Be3 Nd7 12. h3 Bh5 13. Ng3 Bg6 14. Nh4 Nb6 15.
Bb3 Nbd5 16. Nxg6 hxg6 17. Ne4 Nf5 18. Qd3 Re8 19. a3 Qh4 20. Bc2 Nfxe3 21.
fxe3 f5 22. Nd2 Rxe3 23. Nf3 Qg3 24. Qc4 Rae8 25. Rf2 Kh8 26. Qf1 Nf4 27. Kh1
Re2 28. Re1 Rxe1 29. Nxe1 Rxe1 30. Qxe1 Ne2 31. Qg1 Nxg1 32. Kxg1 Qe3 0-1